[Event "6th EICC"]
[Site "Warsaw POL"]
[Date "2005.06.29"]
[Round "11"]
[White "Sargissian,G"]
[Black "Bobras,P"]
[Result "1/2-1/2"]
[WhiteElo "2630"]
[BlackElo "2501"]
[EventDate "2005.06.18"]

1. d4 Nf6 2. c4 g6 3. Nc3 d5 4. Bg5 Ne4 5. Bh4 c5 6. cxd5 Nxc3 7. bxc3 Qxd5
8. e3 cxd4 9. Qxd4 Qxd4 10. cxd4 e6 11. Nf3 Be7 12. Bxe7 Kxe7 13. Bd3 Nc6
14. Ke2 b6 15. Rhc1 Bb7 16. Rab1 Rac8 17. g4 h5 18. g5 Rhd8 19. Rc2 Nb8 20.
Rbc1 Rxc2+ 21. Rxc2 Rc8 22. Rxc8 Bxc8 23. e4 Nc6 24. Ke3 Bd7 25. a3 Kd6 26.
Bb5 Nb8 27. Bd3 Nc6 28. Nd2 Na5 29. f4 Ke7 30. Nf3 Nc6 31. h4 Kd6 32. Bc4
Ke7 33. d5 Na5 34. Kd4 exd5 35. Bxd5 Nc6+ 36. Bxc6 Bxc6 37. Ne5 Bb7 38. f5
gxf5 39. exf5 f6 40. Ng6+ Kf7 41. Nf4 Bc8 42. g6+ Ke7 43. Nxh5 Bxf5 44. Nf4
Kf8 45. h5 Kg7 46. Kd5 Kh6 47. Kd6 b5 48. Ke7 a5 49. Kxf6 Bc2 50. Nd5 Bb3
51. Ke5 Bd1 52. Kf6 Bb3 53. Nf4 Bc4 54. Ne6 b4 55. axb4 axb4 56. Nd4 b3 57.
Nxb3 1/2-1/2

[Event "6th EICC"]
[Site "Warsaw POL"]
[Date "2005.06.29"]
[Round "11"]
[White "Postny,E"]
[Black "Macieja,B"]
[Result "0-1"]
[WhiteElo "2556"]
[BlackElo "2613"]
[EventDate "2005.06.18"]

1. d4 Nf6 2. c4 e6 3. g3 c5 4. d5 exd5 5. cxd5 g6 6. Bg2 d6 7. Nf3 Bg7 8.
O-O O-O 9. Nc3 Re8 10. Re1 a6 11. a4 Ne4 12. Nxe4 Rxe4 13. Nd2 Rb4 14. Ra2
Nd7 15. b3 b5 16. Ba3 a5 17. Bxb4 axb4 18. Ne4 Nf6 19. a5 Nxe4 20. Bxe4 Bc3
21. Rf1 Rxa5 22. Qb1 Ra3 23. Rc1 Qa5 24. Rcc2 Bh3 25. Bd3 Bf6 26. Rd2 Kg7
27. Rdc2 Qa8 28. e4 Qe8 29. Re2 Bg4 30. Rxa3 bxa3 31. Ra2 b4 32. Kg2 Bd7
33. Qc2 Bb5 34. Be2 Bxe2 35. Qxe2 Qe5 36. Rc2 Qe7 37. Kf1 Bc3 38. Ra2 f5
39. f3 fxe4 40. fxe4 Qf6+ 41. Kg2 Bb2 42. Qb5 Kh6 43. h4 Qe5 44. Qe2 Kg7
45. Kh3 h5 46. Qd3 Qd4 47. Qf3 c4 48. bxc4 Qxc4 49. Qf2 Qd4 50. Qf3 Qg1 51.
e5 Bxe5 52. Qd3 Bb2 53. Qe4 Qf1+ 54. Kh2 Qf2+ 55. Kh3 b3 56. Rxb2 axb2 57.
Qd3 Qc2 58. Qd4+ Kg8 0-1

[Event "6th EICC"]
[Site "Warsaw POL"]
[Date "2005.06.29"]
[Round "11"]
[White "Inarkiev,E"]
[Black "Gdanski,J"]
[Result "1/2-1/2"]
[WhiteElo "2612"]
[BlackElo "2544"]
[EventDate "2005.06.18"]

1. d4 Nf6 2. c4 c5 3. d5 g6 4. Nc3 d6 5. e4 Bg7 6. Nf3 O-O 7. Be2 e6 8. O-O
Re8 9. Nd2 Na6 10. Re1 Nc7 11. a4 b6 12. Qc2 Ba6 13. Nf3 exd5 14. cxd5 Bxe2
15. Rxe2 a6 16. Bf4 Nh5 17. Bg5 Qd7 18. Rae1 b5 19. b3 Rab8 20. Bd2 f5 21.
axb5 axb5 22. e5 dxe5 23. Nxe5 Bxe5 24. Rxe5 Rxe5 25. Rxe5 Qd6 26. Re1 Nf6
27. Bc1 Re8 28. Rd1 b4 29. Na4 Ncxd5 30. h3 Qe6 31. Bb2 Qe2 32. Rd2 Qb5 33.
Qd1 c4 34. bxc4 Qxc4 35. Rd4 Qa2 36. Rd2 Qc4 37. Rd4 Qa2 38. Rd2 Qc4 39.
Rd4 Qc6 40. Qb3 Re1+ 41. Kh2 Qd6+ 42. f4 Re4 43. Rxe4 Nxe4 44. Be5 Qe6 45.
Qb2 g5 46. fxg5 Nxg5 47. Nc5 Qf7 48. Nd3 Ne4 49. Nxb4 Nxb4 50. Qxb4 Qe6 51.
Qb8+ Kf7 52. Qh8 Qg6 53. Bf4 Qg7 54. Qc8 Kg6 55. Qb8 Qf7 56. Be5 Qe6 57.
Qc7 Nf6 58. Bb2 Qa6 59. Qe5 Qb6 60. Bd4 Qc6 61. Ba1 Ne8 62. Bb2 Qd6 63. Kg3
Qd3+ 64. Kh2 Qd6 65. Kg3 Qd3+ 66. Kh2 Qd6 1/2-1/2

[Event "6th EICC"]
[Site "Warsaw POL"]
[Date "2005.06.29"]
[Round "11"]
[White "Jaracz,P"]
[Black "Dautov,R"]
[Result "0-1"]
[WhiteElo "2530"]
[BlackElo "2609"]
[EventDate "2005.06.18"]

1. d4 Nf6 2. c4 c6 3. Nc3 d5 4. Nf3 a6 5. c5 Nbd7 6. Bf4 Nh5 7. g3 b6 8.
cxb6 Nxf4 9. gxf4 e6 10. Bg2 Qxb6 11. Qd2 Rb8 12. b3 Ba3 13. O-O O-O 14.
Qd3 a5 15. f5 Qa6 16. Qxa6 Bxa6 17. fxe6 fxe6 18. Rab1 Rf6 19. Rfe1 Rbf8
20. Ng5 h6 21. Nh3 g5 22. f3 c5 23. dxc5 Bxc5+ 24. Kh1 Bb4 25. Rec1 Rc8 26.
Na4 Rxc1+ 27. Rxc1 Bxe2 28. Ng1 Bb5 29. Rc7 d4 30. Nb2 Nc5 31. Nh3 d3 32.
Nf2 d2 33. Ng4 Rf4 34. Nxh6+ Kf8 35. Ng4 Be2 36. Ne3 Rd4 37. Nbd1 Nd3 38.
Kg1 Bc5 39. Kh1 Rd8 40. h4 Bxd1 0-1

[Event "6th EICC"]
[Site "Warsaw POL"]
[Date "2005.06.29"]
[Round "11"]
[White "Minasian,Art"]
[Black "Grabarczyk,M"]
[Result "1-0"]
[WhiteElo "2597"]
[BlackElo "2487"]
[EventDate "2005.06.18"]

1. g3 d5 2. Bg2 c6 3. Nf3 Bg4 4. b3 Nd7 5. Bb2 Ngf6 6. d3 e6 7. O-O Bd6 8.
Nbd2 Qe7 9. a3 O-O 10. h3 Bh5 11. Qe1 a5 12. e4 dxe4 13. dxe4 Bxf3 14. Nxf3
e5 15. Nh4 g6 16. f4 b5 17. f5 a4 18. b4 c5 19. c3 Nb6 20. Bc1 Nfd7 21. Ra2
cxb4 22. cxb4 Nc4 23. Raf2 Bc7 24. Kh2 Bb6 25. Rf3 Rfd8 26. g4 Nb8 27. Bh6
Nd7 28. f6 Qd6 29. Qc1 Nf8 30. Nf5 gxf5 31. Qg5+ Ng6 32. gxf5 Qd2 33. fxg6
Qxg5 34. gxf7+ Kxf7 35. Bxg5 Nd2 36. Bxd2 Rxd2 37. Rg3 Rg8 38. Rxg8 Kxg8
39. Kg3 Kf7 40. Rf3 Bg1 41. Bf1 Bh2+ 42. Kg4 Bf4 43. Kf5 Bh2 44. Bxb5 Rd6
45. Bc4+ 1-0

[Event "6th EICC"]
[Site "Warsaw POL"]
[Date "2005.06.29"]
[Round "11"]
[White "Roiz,M"]
[Black "Gaprindashvili,V"]
[Result "1-0"]
[WhiteElo "2579"]
[BlackElo "2415"]
[EventDate "2005.06.18"]

1. d4 Nf6 2. c4 e6 3. g3 d5 4. Bg2 Bb4+ 5. Nd2 O-O 6. Ngf3 dxc4 7. Qc2 b5
8. a4 c6 9. axb5 Qd5 10. b6 Ba6 11. bxa7 Bxd2+ 12. Bxd2 Rxa7 13. O-O Rb7
14. Bc3 Bb5 15. Rfe1 Qd6 16. e4 Qe7 17. Nd2 Na6 18. Bf1 Nb4 19. Bxb4 Qxb4
20. e5 Nd7 21. Ne4 c5 22. Ng5 g6 23. Qe4 Rfb8 24. d5 c3 25. bxc3 Qxe4 26.
Nxe4 Nxe5 27. Bg2 Nd3 28. Red1 Nb2 29. Rdb1 Bd3 30. Nxc5 Rb6 31. Re1 Rc8
32. Nd7 Rd6 33. dxe6 fxe6 34. Ra7 h5 35. Nf6+ Kf8 36. Nd7+ Ke8 37. Nf6+ Kd8
38. Rxe6 1-0

[Event "6th EICC"]
[Site "Warsaw POL"]
[Date "2005.06.29"]
[Round "11"]
[White "Mista,A"]
[Black "Erenburg,S"]
[Result "0-1"]
[WhiteElo "2497"]
[BlackElo "2575"]
[EventDate "2005.06.18"]

1. e4 c6 2. d4 d5 3. Nd2 dxe4 4. Nxe4 Bf5 5. Ng3 Bg6 6. h4 h6 7. Nf3 Nd7 8.
h5 Bh7 9. Bd3 Bxd3 10. Qxd3 e6 11. Bf4 Qa5+ 12. Bd2 Qc7 13. O-O-O Ngf6 14.
Ne4 O-O-O 15. g3 Be7 16. Nxf6 Bxf6 17. Qa3 b6 18. Bf4 Qb7 19. Bd6 Nb8 20.
Rd3 Qa6 21. Rhd1 Qxa3 22. Bxa3 Rd5 23. g4 b5 24. b3 Nd7 25. Bb4 Nb6 26. Kb1
Kb7 27. Ng1 Ra8 28. Ne2 a5 29. Bc5 Nd7 30. Ba3 b4 31. c4 Rd6 32. Bb2 Rd8
33. Kc2 c5 34. Ng3 Rxd4 35. Bxd4 Bxd4 36. f4 Nb8 37. Ne4 Kb6 38. g5 Nc6 39.
R1d2 Ne7 40. Kd1 Rh8 41. Ng3 Ra8 42. Ke2 a4 43. Kf3 axb3 44. axb3 Ra1 45.
Re2 Nc6 46. g6 Ra7 47. gxf7 Rxf7 48. Rxe6 Kc7 49. Kg4 Kd7 50. Re2 Ne7 51.
Ne4 Kc6 52. Nd2 Ng8 53. Nf3 Nf6+ 54. Kh4 Ra7 55. Nxd4+ cxd4 56. Rxd4 Ra1
57. Kg3 Rg1+ 58. Kf3 Nxh5 59. Rg2 Rb1 60. Rg6+ Kc7 61. Kg4 Nf6+ 62. Kf5 Nh5
63. Rd3 Rf1 64. Rd4 Rb1 65. Re6 Rxb3 66. Kg6 Rd3 67. Ree4 Rh3 68. Re5 Ng3
69. Re3 h5 70. c5 Nf5 71. Rxh3 Nxd4 72. Rxh5 Kc6 73. Re5 b3 74. f5 Kb5 75.
Rd5 b2 76. Rd8 Kxc5 77. Rb8 Nb5 0-1

[Event "6th EICC"]
[Site "Warsaw POL"]
[Date "2005.06.29"]
[Round "11"]
[White "Gajewski,G"]
[Black "Georgiev,Ki"]
[Result "0-1"]
[WhiteElo "2396"]
[BlackElo "2666"]
[EventDate "2005.06.18"]

1. d4 Nf6 2. c4 e6 3. Nf3 b6 4. Nc3 Bb7 5. a3 g6 6. d5 exd5 7. cxd5 Bg7 8.
g3 O-O 9. Bg2 c5 10. O-O d6 11. Bf4 Re8 12. Re1 Nh5 13. Bg5 Qc7 14. Nd2 h6
15. Be3 Rxe3 16. fxe3 Qe7 17. e4 Nd7 18. e3 Nhf6 19. Rc1 Ne5 20. Nf3 Nfd7
21. b4 Nxf3+ 22. Bxf3 h5 23. bxc5 bxc5 24. Qd2 Ne5 25. Be2 Bc8 26. Rb1 Bh3
27. Nd1 Re8 28. Nf2 Bc8 29. Kg2 Bh6 30. Rb3 f5 31. exf5 Bxf5 32. Qb2 Bc8
33. e4 Bg7 34. Qc2 Rf8 35. Rf1 h4 36. Nh3 hxg3 37. Rxf8+ Qxf8 38. Rxg3 Bh6
39. Ng5 Bxg5 40. Rxg5 Qf4 41. Rg3 Kg7 42. Kg1 Bd7 43. Kg2 Be8 44. Bd3 g5
45. Qf2 Bg6 46. Bc2 Bxe4+ 47. Bxe4 Qxe4+ 48. Kf1 Kg6 49. Qe3 Qb1+ 50. Qe1
Qc2 51. Qe2 Qf5+ 52. Qf2 Qe4 53. Qe3 Qc4+ 54. Kg1 g4 55. h3 Qxd5 56. hxg4
Qd1+ 57. Kg2 Qc2+ 58. Kh3 Qb1 59. Kh4 Kg7 60. Rh3 a5 61. Kg3 Qg6 62. Rh4 a4
63. Kh3 c4 64. Kg3 Qf6 65. Rh5 Nf7 66. Rf5 Qa1 67. Kg2 Qd1 68. Qf4 Qe2+ 69.
Kg3 Qe6 70. Qd4+ Kg6 71. Rf4 d5 72. Rf5 Qe1+ 73. Kg2 Qe2+ 74. Kg3 Qe1+ 75.
Kg2 Qe2+ 76. Qf2 Qxg4+ 0-1

[Event "6th EICC"]
[Site "Warsaw POL"]
[Date "2005.06.29"]
[Round "11"]
[White "Chuchelov,V"]
[Black "Bartel,Mat"]
[Result "1/2-1/2"]
[WhiteElo "2571"]
[BlackElo "2511"]
[EventDate "2005.06.18"]

1. Nf3 Nf6 2. c4 e6 3. g3 d5 4. Bg2 dxc4 5. Qa4+ c6 6. Qxc4 b5 7. Qb3 Bb7
8. Nc3 a6 9. a4 Nbd7 10. O-O Be7 11. d3 O-O 12. Bf4 Nd5 13. d4 Nxf4 14.
gxf4 b4 15. Ne4 c5 16. Nxc5 Nxc5 17. dxc5 Bxc5 18. Ne5 Bxg2 19. Kxg2 Qb6
20. Qf3 Rfc8 21. Rac1 Bd4 22. Nc4 Qa7 23. e3 Bf6 24. b3 g6 25. Rfd1 Rc7 26.
Nd6 Rd8 27. Rxc7 Qxc7 28. Nc4 Kg7 29. h3 Rd7 30. Kf1 Rxd1+ 31. Qxd1 Qc6 32.
Ke2 Qg2 33. Qd7 Qxh3 34. Nd6 Qg4+ 35. Kf1 Qd1+ 36. Kg2 Qg4+ 1/2-1/2

[Event "6th EICC"]
[Site "Warsaw POL"]
[Date "2005.06.29"]
[Round "11"]
[White "Neverov,V"]
[Black "Urban,K"]
[Result "1-0"]
[WhiteElo "2566"]
[BlackElo "2497"]
[EventDate "2005.06.18"]

1. d4 Nf6 2. c4 c6 3. Nc3 d6 4. e4 Nbd7 5. Nge2 a6 6. a4 e5 7. d5 Nc5 8. f3
a5 9. Be3 g6 10. Nc1 Be7 11. Bd3 Nh5 12. Bc2 O-O 13. O-O Bg5 14. Bf2 Nf4
15. N1e2 Nxe2+ 16. Qxe2 Na6 17. Rad1 c5 18. Kh1 Nc7 19. g3 Ne8 20. Be1 Bh3
21. Rg1 Bd7 22. Qf2 f5 23. exf5 Bxf5 24. Bxf5 Rxf5 25. Ne4 Bh6 26. Qe2 Rf8
27. Bc3 b6 28. Rdf1 Ra7 29. f4 exf4 30. gxf4 Raf7 31. Qg4 Bxf4 32. Rf3 Bh6
33. Rh3 Bg7 34. Rxh7 Kxh7 35. Qxg6+ Kg8 36. Ng5 Qxg5 37. Rxg5 Rf1+ 38. Kg2
R1f2+ 39. Kh3 R8f3+ 40. Rg3 Rxg3+ 41. hxg3 Nf6 42. g4 Rf3+ 43. Kg2 Rxc3 44.
bxc3 Kf8 45. g5 Ne8 46. Qe6 1-0

[Event "6th EICC"]
[Site "Warsaw POL"]
[Date "2005.06.29"]
[Round "11"]
[White "Grigoriants,S RUS"]
[Black "Mastrovasilis,A"]
[Result "1/2-1/2"]
[WhiteElo "2553"]
[BlackElo "2473"]
[EventDate "2005.06.18"]

1. d4 Nf6 2. c4 e6 3. Nc3 Bb4 4. e3 O-O 5. Bd3 d5 6. cxd5 exd5 7. Nge2 Re8
8. Bd2 a5 9. O-O Bf8 10. Rc1 Na6 11. Bb1 c6 12. Nf4 Nc7 13. Na4 Ne6 14. Nd3
Ne4 15. Be1 g6 16. Nc3 Nd6 17. b3 Ng5 18. Ne2 Nf5 19. Ng3 Bg7 20. Ne5 Nxg3
21. hxg3 Ne4 22. Nd3 h5 23. f3 Nd6 24. Bf2 Bf5 25. Re1 Re7 26. a4 Qe8 27.
Qd2 Bf6 28. Rc5 Qd8 29. Rec1 Bg7 30. Bc2 Qe8 31. Kf1 Ra7 32. Bb1 Ra8 33.
Re1 Bh6 34. Rcc1 Bg7 35. Re2 Qd8 36. Rc5 Bh6 37. Rc1 Bg7 38. Qc3 Qb6 39.
Bc2 Rae8 40. Rce1 Qd8 41. Bg1 Bh6 42. Qc5 Kh7 43. Bf2 Bg7 44. Qa3 Kg8 45.
Qc1 Qb8 46. Qd2 Qd8 47. Bg1 Bh6 48. Bh2 Bg7 49. Qc3 Bh6 50. Kf2 Bg7 51. Rh1
Re6 52. Nc5 R6e7 53. Nd3 Re6 54. Rhe1 R6e7 55. Qc5 Re6 56. Nf4 R6e7 57. Nd3
Re6 58. Qa3 Qe7 59. Qc5 Qd8 60. Qc3 R6e7 61. Kf1 Re6 62. Bg1 R6e7 63. Bf2
Re6 64. Rb1 R6e7 65. Rd1 Bh6 66. Rde1 Bg7 67. Rd1 Bh6 68. Ne5 Bxc2 69. Qxc2
Bg7 70. g4 hxg4 71. Nxg4 Re6 72. Ree1 Qg5 73. Bg3 Nf5 74. Bf4 Qh4 75. Qf2
Qxf2+ 76. Kxf2 f6 77. Bc7 Ra8 78. Rh1 Re7 79. Bb6 Kf7 80. Rde1 Ree8 81. Bc5
Rad8 82. Rc1 Ra8 83. Rhe1 Bf8 84. Rh1 Bg7 85. Rb1 Reb8 86. Ba3 g5 87. Ke1
Re8 88. Kd2 Nh4 89. Rh2 Bf8 90. Bxf8 Rxf8 91. e4 dxe4 92. fxe4 Rad8 93. Kc3
Ke6 94. Ne3 Rd7 95. Rf1 Rfd8 96. d5+ cxd5 97. exd5+ Rxd5 98. Nxd5 Rxd5 99.
g3 Nf5 100. Re2+ Kf7 101. Ref2 Nxg3 102. Rxf6+ Ke7 103. Rf7+ Ke6 104. R1f6+
Ke5 105. Rg6 Ne4+ 106. Kc2 b5 107. axb5 Rxb5 108. Ra7 Rc5+ 109. Kb2 Kf4
110. Rga6 g4 111. Rxa5 Rxa5 112. Rxa5 g3 113. Ra1 g2 114. b4 Kf3 115. Kc2
Nd6 116. Kd3 Kf2 117. Kd4 g1=Q 118. Rxg1 Kxg1 119. Kc5 Ne4+ 120. Kc6 Nc3
121. b5 Nxb5 122. Kxb5 1/2-1/2

[Event "6th EICC"]
[Site "Warsaw POL"]
[Date "2005.06.29"]
[Round "11"]
[White "Nalbandian,T"]
[Black "Potkin,V"]
[Result "1/2-1/2"]
[WhiteElo "2508"]
[BlackElo "2552"]
[EventDate "2005.06.18"]

1. Nf3 Nf6 2. d4 d5 3. Bg5 Ne4 4. Bf4 Bf5 5. e3 e6 6. Nbd2 Nd7 7. Nxe4 Bxe4
8. Be2 c6 9. O-O Be7 10. c4 O-O 11. Qb3 Qb6 12. Nd2 Bf5 13. Rfe1 Rfe8
1/2-1/2

[Event "6th EICC"]
[Site "Warsaw POL"]
[Date "2005.06.29"]
[Round "11"]
[White "Romanov,E"]
[Black "Perunovic,Mil"]
[Result "1-0"]
[WhiteElo "2437"]
[BlackElo "2549"]
[EventDate "2005.06.18"]

1. e4 c5 2. Nf3 d6 3. d4 cxd4 4. Nxd4 Nf6 5. Nc3 a6 6. h3 b5 7. Nd5 Nxd5 8.
exd5 Bb7 9. Nf5 Nd7 10. Be2 g6 11. Nh6 Bg7 12. O-O Rc8 13. Be3 Qc7 14. Bg4
Qxc2 15. Nxf7 Rf8 16. Ng5 Bxb2 17. Rb1 Qxd1 18. Rfxd1 Ba3 19. Ne6 Rg8 20.
Bh6 Rc2 21. Nd4 Rxa2 22. Be6 Nf6 23. Nxb5 axb5 24. Rxb5 Rb2 25. Rb1 Kd8 26.
R1xb2 Bxb2 1-0

[Event "6th EICC"]
[Site "Warsaw POL"]
[Date "2005.06.29"]
[Round "11"]
[White "Guliev,S"]
[Black "Sulskis,S"]
[Result "1-0"]
[WhiteElo "2481"]
[BlackElo "2545"]
[EventDate "2005.06.18"]

1. d4 Nf6 2. c4 e6 3. Nc3 Bb4 4. Qc2 O-O 5. Nf3 c5 6. dxc5 Na6 7. a3 Bxc3+
8. Qxc3 Nxc5 9. e3 a5 10. Be2 a4 11. O-O d6 12. Bd2 e5 13. Qc2 g6 14. Bb4
Bf5 15. Qc3 Qc7 16. Rad1 Nfe4 17. Qe1 Na6 18. Bd3 Nxb4 19. Qxb4 Qe7 20.
Bxe4 Bxe4 21. Qxd6 Rfe8 22. Qxe7 Rxe7 23. Rd6 Bc6 24. Rfd1 f5 25. Ne1 Rc8
26. Rd8+ Re8 27. R8d6 Re7 28. Rd8+ Re8 29. Rxc8 Rxc8 30. f3 Be8 31. Rd5
Rxc4 32. Rxe5 Bc6 33. Kf2 Kf7 34. Ke2 Rc1 35. Ra5 Kf6 36. Kd2 Rb1 37. Nd3
g5 38. h3 h5 39. Rc5 g4 40. hxg4 hxg4 41. Ke2 gxf3+ 42. gxf3 Rh1 43. Ne5
Be8 44. Nc4 Rb1 45. Kd3 Bf7 46. Rb5 f4 47. Rb6+ Be6 48. Nd2 Rd1 49. exf4
Kf5 50. Rxb7 Rc1 51. Rb5+ Kxf4 52. Rb4+ Ke5 53. Rxa4 Bf5+ 54. Ke2 Rc2 55.
Rb4 Kd6 56. Ke3 1-0

[Event "6th EICC"]
[Site "Warsaw POL"]
[Date "2005.06.29"]
[Round "11"]
[White "Baramidze,D"]
[Black "Maze,S"]
[Result "1-0"]
[WhiteElo "2542"]
[BlackElo "2470"]
[EventDate "2005.06.18"]

1. e4 c5 2. Nf3 a6 3. c4 d6 4. d4 Bg4 5. dxc5 Bxf3 6. gxf3 Qa5+ 7. Bd2 Qxc5
8. Be3 Qc6 9. Nc3 Nd7 10. Rc1 Ngf6 11. Bg2 e6 12. O-O Qc7 13. f4 Rd8 14.
Qe2 Be7 15. b4 O-O 16. c5 dxc5 17. e5 Ne8 18. Ne4 b6 19. Qxa6 Qb8 20. bxc5
Nc7 21. Qe2 Nxc5 22. Nxc5 Bxc5 23. Bxc5 bxc5 24. Rxc5 Nd5 25. Qc4 Ne7 26.
a4 Nf5 27. a5 Rd4 28. Qb5 Qd8 29. a6 Rxf4 30. Qa5 Rg4 31. Qxd8 Rxd8 32.
Rfc1 Rf8 33. R1c4 1-0

[Event "6th EICC"]
[Site "Warsaw POL"]
[Date "2005.06.29"]
[Round "11"]
[White "Prusikin,M"]
[Black "Loeffler,S"]
[Result "1-0"]
[WhiteElo "2540"]
[BlackElo "2429"]
[EventDate "2005.06.18"]

1. d4 Nf6 2. c4 g6 3. Nc3 Bg7 4. e4 O-O 5. Bg5 d6 6. h3 c5 7. d5 e6 8. Bd3
exd5 9. cxd5 Bd7 10. a4 Na6 11. Nf3 Nb4 12. Bb1 b5 13. axb5 Qb6 14. O-O
Bxb5 15. Re1 Nd7 16. Bf4 Rfe8 17. Qd2 a6 18. Ra3 Rac8 19. Nd1 a5 20. Bh6
Bh8 21. Ne3 Nf6 22. Ng5 c4 23. Ng4 Nxg4 24. hxg4 Nd3 25. Re3 Qd4 26. Rxa5
Rc5 27. Ra7 Nxb2 28. Qxd4 Bxd4 29. Rxf7 c3 30. e5 Bxe5 31. Rxe5 1-0

[Event "6th EICC"]
[Site "Warsaw POL"]
[Date "2005.06.29"]
[Round "11"]
[White "Esen,B"]
[Black "Winants,L"]
[Result "1-0"]
[WhiteElo "2287"]
[BlackElo "2535"]
[EventDate "2005.06.18"]

1. d4 Nf6 2. c4 e6 3. Nc3 Bb4 4. Qc2 Nc6 5. Nf3 d6 6. Bd2 O-O 7. a3 Bxc3 8.
Bxc3 Re8 9. g3 a5 10. Bg2 e5 11. d5 Ne7 12. e4 c6 13. O-O b5 14. dxc6 bxc4
15. Nd2 Nxc6 16. Nxc4 Qc7 17. Rfd1 Rd8 18. Rac1 Bg4 19. Rd2 Be6 20. Ne3 Qb7
21. Rd3 a4 22. Qd2 Qb8 23. f4 Qb6 24. Kh1 Rac8 25. Re1 Qc5 26. Rf1 h6 27.
Nd5 Bxd5 28. exd5 Nd4 29. fxe5 dxe5 30. Bxd4 exd4 31. Rxd4 Qb5 32. Rxf6
gxf6 33. Rg4+ Kf8 34. Qxh6+ Ke7 35. Re4+ Kd7 36. Bh3+ Kc7 37. Qf4+ Rd6 38.
Rc4+ 1-0

[Event "6th EICC"]
[Site "Warsaw POL"]
[Date "2005.06.29"]
[Round "11"]
[White "Khismatullin,D"]
[Black "Abergel,T"]
[Result "1/2-1/2"]
[WhiteElo "2572"]
[BlackElo "2456"]
[EventDate "2005.06.18"]

1. d4 Nf6 2. c4 e6 3. Nc3 Bb4 4. Qc2 Nc6 5. e3 d6 6. Nge2 O-O 7. a3 Bxc3+
8. Nxc3 a5 9. f3 e5 10. d5 Ne7 11. e4 Nd7 12. Be3 f5 13. h3 f4 14. Bf2 Nc5
15. Rb1 Bd7 16. b4 axb4 17. axb4 Na4 18. Bd3 Rf6 19. Ne2 Rg6 20. Rg1 Qe8
21. Kd2 c5 22. bxc5 dxc5 23. Rxb7 Nc8 24. Rbb1 Rga6 25. Nc1 Qd8 26. Nb3 Nd6
27. Ke2 Nb7 28. Ra1 Rb8 29. Rab1 Rba8 30. Qd2 Qe7 31. g3 fxg3 32. Rxg3 Be8
33. Rbg1 g6 34. Rb1 Qc7 35. Kf1 Nb6 36. Kg1 Ra4 37. Qc1 Nc8 38. Rg5 Ncd6
39. Rxe5 Nf7 40. Re6 Bd7 41. Rf6 Qe5 42. Qf4 Qxf4 43. Rxf4 Ne5 44. Be2 Rb4
45. Be1 Rb6 46. Bc3 g5 47. Bxe5 gxf4 48. Kf2 Ra3 49. Rg1+ Rg6 50. Rxg6+
hxg6 51. Nc1 Na5 52. Bxf4 Bxh3 53. Be3 Ra4 54. Nd3 Nxc4 55. Nxc5 Ra2 56.
Bf4 Kf7 57. d6 Ke8 58. Kg3 Rxe2 59. Kxh3 Nb6 60. e5 Nd7 61. Ne4 Rxe4 62.
fxe4 Kf7 63. Kg4 Nc5 64. Bg5 Ke6 65. Be3 Nxe4 66. Bf4 Kd7 67. Bh2 Ke6 68.
Kf4 1/2-1/2

[Event "6th EICC"]
[Site "Warsaw POL"]
[Date "2005.06.29"]
[Round "11"]
[White "Kritz,L"]
[Black "Magalashvili,D"]
[Result "1/2-1/2"]
[WhiteElo "2549"]
[BlackElo "2445"]
[EventDate "2005.06.18"]

1. e4 c5 2. Nc3 d6 3. Nf3 Nf6 4. g3 g6 5. Bg2 Bg7 6. d3 Nc6 7. Be3 O-O 8.
h3 Nd7 9. Qd2 Nd4 10. Nd1 Nxf3+ 11. Bxf3 Re8 12. Bh6 Bh8 13. Bg2 e6 14. f4
b5 15. h4 Bb7 16. h5 Qc7 17. c3 b4 18. hxg6 fxg6 19. cxb4 cxb4 20. Rc1 Nc5
21. O-O Qb6 22. Nf2 Ba6 23. d4 Nd3 24. Nxd3 Qxd4+ 25. Kh2 Qxd3 26. Qxd3
Bxd3 27. Rfd1 Bxb2 28. Rc7 Bb5 29. e5 Rad8 30. Rg7+ Kh8 31. Rb7 a6 32. Bg5
Rd7 33. Rxd7 Bxd7 34. Rxd6 Bb5 35. Rb6 Bd4 36. Rb7 Rc8 37. Be4 Bc6 38. Bxc6
Rxc6 39. Bh6 Kg8 40. Rg7+ Kh8 41. Rb7 Kg8 42. Kh3 Bb6 43. Rg7+ Kh8 44. Rf7
Bc5 45. Kg4 Rc8 46. Rb7 a5 47. Bg7+ Kg8 48. Bf6 Bf8 49. Ra7 Rb8 50. Rxa5 b3
51. axb3 Rxb3 52. Ra7 h6 53. Be7 Bxe7 54. Rxe7 Rb6 55. Kh4 Ra6 56. Kg4 Rb6
57. Rd7 Rb3 58. Ra7 Rb6 59. Re7 Ra6 60. Kf3 Ra3+ 61. Kg4 Ra6 62. Kf3 Kf8
63. Rh7 h5 64. Ke3 Ra3+ 65. Kf2 Ra2+ 66. Kf3 Rc2 67. Rd7 Rb2 68. Rd3 Ke7
69. Ra3 Kf7 70. Re3 Ra2 71. Re1 g5 72. Rb1 g4+ 73. Ke4 Ra4+ 74. Ke3 Ra3+
75. Kf2 Kg6 76. Rb8 Kf5 77. Rh8 Ke4 78. Rxh5 Ra2+ 79. Ke1 Kf3 80. Rh6 Ra6
81. Rf6 1/2-1/2

[Event "6th EICC"]
[Site "Warsaw POL"]
[Date "2005.06.29"]
[Round "11"]
[White "Lupulescu,C"]
[Black "Atakisi,U"]
[Result "1-0"]
[WhiteElo "2546"]
[BlackElo "2439"]
[EventDate "2005.06.18"]

1. e4 c6 2. c4 d5 3. cxd5 cxd5 4. exd5 Nf6 5. Qa4+ Nbd7 6. Nc3 g6 7. Nf3
Bg7 8. Bc4 O-O 9. d3 a6 10. Qa3 Nb6 11. Qb3 Nxc4 12. dxc4 b5 13. O-O bxc4
14. Qxc4 e6 15. dxe6 Bxe6 16. Qc5 Nd7 17. Qb4 Qb6 18. Qh4 Rfc8 19. Ng5 Nf8
20. Nxe6 Nxe6 21. Nd5 Qd8 22. Qe4 Rab8 23. Rd1 Kh8 24. Rb1 Qa5 25. a3 Rd8
26. h3 Rd7 27. b4 Qa4 28. Be3 Rbd8 29. Bb6 Nc7 30. Bxc7 Rxc7 31. Rd3 Qc2
32. Rbd1 f5 33. Qf3 Rcd7 34. g3 Rd6 35. Kg2 Qc6 36. Nf4 Qxf3+ 37. Kxf3
Rxd3+ 38. Rxd3 Rc8 39. Rd6 a5 40. bxa5 Bf8 41. Rd7 Ra8 42. Ne6 Kg8 43. Rd8
Rxd8 44. Nxd8 Bxa3 45. a6 Bc5 46. Nc6 1-0

[Event "6th EICC"]
[Site "Warsaw POL"]
[Date "2005.06.29"]
[Round "11"]
[White "Smeets,J"]
[Black "Zawadzka,J"]
[Result "1-0"]
[WhiteElo "2518"]
[BlackElo "2383"]
[EventDate "2005.06.18"]

1. e4 c5 2. Nf3 d6 3. d4 cxd4 4. Nxd4 Nf6 5. Nc3 Nc6 6. Be2 e5 7. Nf3 h6 8.
O-O Be7 9. Re1 O-O 10. h3 Be6 11. Bf1 Nb8 12. Nb1 Nbd7 13. c4 Qc7 14. b3 a6
15. Bb2 Nc5 16. Nc3 Qc6 17. Nd2 a5 18. Nd5 Bxd5 19. cxd5 Qd7 20. Ba3 Rfc8
21. Rc1 b5 22. Bxc5 dxc5 23. a4 c4 24. axb5 cxb3 25. Qxb3 Bb4 26. Rcd1 Rc3
27. Qa2 Rac8 28. Nc4 Qa7 29. d6 Qc5 30. Ne3 Rd8 31. Bc4 Rxd6 32. Bxf7+ Kh7
33. Qe2 Nxe4 34. Qg4 Ng5 35. Qf5+ Kh8 36. Bg6 Rxd1 37. Rxd1 Rc1 38. Rxc1
Qxc1+ 39. Kh2 e4 40. Qd7 Qc5 41. Kg1 a4 42. b6 Qf8 43. Qxa4 Be1 44. Nf5 Ne6
45. Qxe4 1-0

[Event "6th EICC"]
[Site "Warsaw POL"]
[Date "2005.06.29"]
[Round "11"]
[White "Williams,Si"]
[Black "Khairullin,I"]
[Result "0-1"]
[WhiteElo "2466"]
[BlackElo "2517"]
[EventDate "2005.06.18"]

1. e4 c5 2. a3 g6 3. h4 h5 4. b4 Bg7 5. Nc3 b6 6. Nf3 Nf6 7. Ng5 O-O 8. Rb1
Nc6 9. g3 d5 10. Bg2 Bg4 11. f3 Bc8 12. bxc5 bxc5 13. exd5 Nxd5 14. Nxd5
Qxd5 15. O-O Qa2 16. Rb3 Nd4 17. Rb2 Ne2+ 18. Qxe2 Bxb2 19. Bxb2 Qxb2 20.
Qxe7 Qd4+ 21. Kh2 Bf5 22. c3 Qxd2 23. Qxc5 Rfc8 24. Qe7 Qd7 25. Qe3 Rc4 26.
Re1 Rac8 27. Qe5 Qc7 28. f4 Qxe5 29. fxe5 Rxc3 30. Bd5 R8c7 31. e6 fxe6 32.
Bxe6+ Bxe6 33. Rxe6 Kg7 34. Ra6 Rb7 35. Ne6+ Kh8 36. Rd6 Rb2+ 37. Kh3 Rc1
0-1

[Event "6th EICC"]
[Site "Warsaw POL"]
[Date "2005.06.29"]
[Round "11"]
[White "Moranda,W"]
[Black "Stevic,H"]
[Result "1/2-1/2"]
[WhiteElo "2452"]
[BlackElo "2514"]
[EventDate "2005.06.18"]

1. d4 d5 2. c4 dxc4 3. Nf3 Nf6 4. e3 e6 5. Bxc4 c5 6. O-O a6 7. Qe2 b5 8.
Bb3 Bb7 9. a4 Nbd7 10. axb5 axb5 11. Rxa8 Qxa8 12. Nc3 b4 13. Nb5 Qb8 14.
e4 cxd4 15. Nfxd4 Nc5 16. Bc4 Be7 17. e5 Nfd7 18. Bf4 O-O 19. Re1 Nb6 20.
Nd6 Bxd6 21. exd6 Qa8 22. f3 Nxc4 23. Qxc4 Rc8 24. Rc1 Ba6 25. Qa2 Nd3 26.
Rxc8+ Qxc8 27. Be3 Ne5 28. Qa4 h6 29. h3 Qb7 30. b3 Nd7 31. Nc2 f6 32. Nxb4
Bb5 33. Qa5 Kf7 34. Qd8 Ne5 35. Qc7+ Qxc7 36. dxc7 Bd7 37. Bd4 Ng6 38. Nc6
Ke8 39. Na7 Ne7 40. b4 Nc8 41. Nxc8 Bxc8 42. b5 Kd7 43. b6 Kc6 44. g4 e5
45. Be3 f5 46. Kg2 Bd7 47. Bg1 g6 48. gxf5 Bxf5 49. h4 h5 50. Kf1 Kb7 51.
Ke2 Be6 52. Kd3 Bd5 53. Ke3 Bc6 54. Bf2 1/2-1/2

[Event "6th EICC"]
[Site "Warsaw POL"]
[Date "2005.06.29"]
[Round "11"]
[White "Dziuba,M"]
[Black "Frolyanov,D"]
[Result "1/2-1/2"]
[WhiteElo "2429"]
[BlackElo "2505"]
[EventDate "2005.06.18"]

1. d4 d5 2. c4 e6 3. Nc3 c6 4. e4 dxe4 5. Nxe4 Bb4+ 6. Bd2 Qxd4 7. Bxb4
Qxe4+ 8. Be2 Na6 9. Ba5 Bd7 10. Nf3 Nf6 11. Qd6 Qf5 12. Ne5 Qxf2+ 13. Kxf2
Ne4+ 14. Kf3 Nxd6 15. Rhd1 Ke7 16. Rd2 Be8 17. Rad1 Nf5 18. Rd7+ Bxd7 19.
Rxd7+ Ke8 20. Rxb7 f6 21. Nxc6 Nc5 22. Rc7 Na6 23. Rb7 Nc5 24. Rc7 Na6 25.
Rb7 1/2-1/2